| 000 | 00770nam a2200253 i 4500 | ||
|---|---|---|---|
| 001 | bg | ||
| 245 | 0 | 0 |
_aOchrona roślin : _bpraca zbiorowa / _cpod red. J[ózefa] Kochmana, W[ładysława] Węgorka ; [poszczeg. rozdz. oprac. Kazimierz Adamczewski et al.]. |
| 250 | _aWyd. 5. | ||
| 260 |
_aKraków : _bPlantpress, _c1997. |
||
| 300 |
_a701 s. : _bfot., rys. ; _c25 cm. |
||
| 504 | _aIndeksy. | ||
| 650 | 9 |
_aRośliny _xochrona |
|
| 655 | _aPodręczniki akademickie | ||
| 700 | 1 |
_aKOCHMAN, Józef. _eRed. |
|
| 700 | 1 |
_aWĘGOREK, Władysław. _eRed. |
|
| 700 | 1 | _aADAMCZEWSKI, Kazimierz. | |
| 020 | _a8385982213 | ||
| 040 | _cBPK | ||
| 041 | 0 | _apl | |
| 080 | _a632(075.8) | ||
| 920 | _a83-85982-21-3 | ||
| 942 | _cKS | ||
| 008 | s pl f |000 0 pol | ||
| 999 |
_c33480 _d33480 |
||
| 856 |
_uhttp://koha.tu.koszalin.pl/cgi-bin/koha/opac-detail.pl?biblionumber=33480 _yKatalog online BPK |
||